00838cam a22002651 4500001000800000005001700008008004100025010001700066035001200083035001800095040002600113042001200139050001500151082001500166100002000181245004300201260005100244300003300295504003200328650002100360906004500381942001500426999001500441952011600456796964420260505145500.0720309s1961 onca b 000 0 eng  a 62002801  a7969644 a(OCoLC)259778 aDLCcIRDPdOCoLCdDLC apremarc00aHQ669b.R6 a307.76 ROS1 aRoss, Aileen D.14aThe Hindu family in its urban setting. a[Toronto]bUniversity of Toronto Pressc[1961] axiv, 325 p.btables.c24 cm. aBibliography: p. [309]-313. 0aFamilieszIndia. a7bcbccoclcrplduencipf19gy-gencatlg 2ddccBOOKS c9600d9600 00102ddc4070a1000b1000cGround Floor d2026-05-05l0o307.76 ROSpLIB003721r2026-05-05w2026-05-05yBOOKS